[Event "9th Bangabandhu Rapid Men 2021"]
[Site "Dhaka"]
[Date "2021.04.03"]
[Round "7.7"]
[White "Rahman, Taibur"]
[Black "Chowdhury, Sohel"]
[Result "1/2-1/2"]
[WhiteElo "2215"]
[BlackElo "2149"]
[Annotator "TA"]
[PlyCount "134"]
[EventDate "2021.04.02"]
[EventType "swiss"]
[EventCountry "BAN"]
[SourceTitle "playchess.com"]
[Source "ChessBase"]
[SourceQuality "1"]

{[%evp 31,134,47,110,-4,98,74,81,-12,-18,-52,0,0,0,0,0,0,0,0,0,0,0,0,0,0,251,174,166,177,166,156,151,133,214,148,124,129,209,197,197,197,194,197,197,195,189,183,214,214,252,247,268,268,264,262,261,0,220,208,247,247,254,254,254,254,261,255,255,252,255,189,187,187,253,216,249,247,276,289,364,147,137,0,0,0,0,0,0,0,0,0,0,0,0,0,0,0,0,0,0,0,0,0,0,0,0]} 1. d4 d5 2. c4 c6 3. Nf3 Nf6 4. Nc3 e6 5. Bg5 dxc4 6. e4 b5 7. e5 h6 8. Bh4 g5 9. Nxg5 hxg5 10. Bxg5 Nbd7 11. g3 Qb6 12. exf6 Bb7 13. Bg2 O-O-O 14. O-O c5 15. d5 b4 16. Rb1 Bh6 (16... bxc3 $2 17. bxc3 exd5 18. Rxb6 $18) (16... Qa6 $14) 17. h4 {[#] D44: Semi-Slav: Botvinnik System.} Ne5 $146 {[#]} ({Avoid the trap} 17... bxc3 $2 18. bxc3 Qa6 19. Rxb7 $1 $18 {[%mdl 512]}) (17... Qa6 $11) ({Predecessor:} 17... Bxg5 18. hxg5 Ne5 19. Qe2 Nd3 20. Qg4 Qa6 21. dxe6 Rd4 22. Ne4 fxe6 23. g6 Ne5 24. g7 Rhd8 25. g8=Q Nxg4 26. Qxg4 Qc6 27. Rfe1 {1-0 (27) Farmani Anosheh,A (2193)-Remmler,H (2214) Germany 2010}) 18. Qe2 $1 $16 {[%cal Re2e5]} Nd3 {[#]} (18... Bxg5 19. Qxe5) 19. dxe6 ({White should play} 19. Qg4 $1 $16) 19... Bxg2 $11 20. Kxg2 {Strongly threatening Bxh6.} Bxg5 (20... bxc3 $15 21. bxc3 (21. e7 Qc6+ 22. f3 Rdg8 $17) 21... Qc6+ 22. Qf3 Qxf3+ 23. Kxf3 fxe6) 21. hxg5 {Hoping for e7.} bxc3 22. bxc3 Qc6+ 23. f3 fxe6 {White must now prevent ...Rh5.} 24. Rh1 {aiming for Rxh8.} Qd5 25. Qe3 Rhg8 26. Rh5 Ne5 27. Re1 Qd2+ $2 {[%mdl 8192]} (27... Nf7 $11 {and Black is okay.} 28. Rd1 Qxd1 29. Qxc5+ {[%mdl 64] Double Attack} Kb8 30. Qb5+ Kc7 31. Qc5+ Kd7 32. Qxa7+ Kd6 33. Qb6+ Ke5 34. Qe3+ Kd6 35. Qb6+ Ke5 36. Qe3+ Kd6 37. Qb6+) 28. Re2 Qxe3 29. Rxe3 Nf7 30. f4 e5 31. fxe5 Nxg5 (31... Rxg5 $16 32. Rxg5 Rd2+ 33. Kf1 Nxg5) 32. e6 Rd2+ 33. Kf1 Rd6 (33... Nxe6 $16 {was called for.} 34. Rxe6 Rxg3) 34. f7 Nxf7 {Black wants to play ...Nd8.} 35. Rxc5+ Kb7 36. exf7 $18 {[%mdl 4096] Endgame KRR-KRR} ({Much less strong is} 36. Rb5+ $6 Kc6 $16) 36... Rf6+ 37. Kg2 Rxf7 38. Rxc4 Rgf8 39. Re2 a6 40. Rb4+ Ka7 41. Rbe4 Kb6 42. Re6+ Kb5 43. R6e4 $2 (43. g4 $18) 43... Rf3 $2 (43... Kb6 $1 $11) 44. a4+ Kc5 45. R4e3 Rf1 46. g4 Ra1 47. Re4 Rff1 48. Rf2 Rg1+ 49. Kf3 Rac1 50. Re3 Ra1 {[#]} 51. Re5+ $1 Kd6 (51... Kc4 $142 52. Ra5 Kxc3 53. Rxa6 Rae1) 52. Re4 Rac1 53. c4 Kc5 54. Kf4 Ra1 55. g5 (55. Kg5 $18) 55... Rxa4 $16 56. Kf5 (56. Rc2 $16) 56... Rxc4 $11 {The position is equal.} 57. Rxc4+ (57. Re5+ {feels hotter.} Kb4 58. Rb2+ Kc3 59. Rb8 Rf1+ 60. Kg6) 57... Kxc4 {KR-KR} 58. Ra2 Kb5 59. Rb2+ Kc4 60. Ra2 Kb5 61. g6 a5 {[%cal Ba6a5,Ba5a4,Ba4a3][%mdl 32]} 62. Kf6 a4 63. g7 Kb4 64. Rb2+ Kc3 65. Rb5 {Rg5 is the strong threat.} Rxg7 66. Kxg7 a3 67. Ra5 Kb2 {White really could win this.  Weighted Error Value: White=0.28/Black=0.37} 1/2-1/2

[Event "9th Bangabandhu Rapid Men 2021"]
[Site "Dhaka"]
[Date "2021.04.03"]
[Round "7.8"]
[White "Subrota, Biswas"]
[Black "Mohammed Abdul, Malek"]
[Result "1-0"]
[WhiteElo "2262"]
[BlackElo "2125"]
[Annotator "TA"]
[PlyCount "45"]
[EventDate "2021.04.02"]
[EventType "swiss"]
[EventCountry "BAN"]
[SourceTitle "playchess.com"]
[Source "ChessBase"]
[SourceQuality "1"]

{[%evp 13,45,21,81,77,108,108,116,122,131,124,133,113,119,118,134,135,158,152,141,142,162,153,166,143,137,143,245,253,246,244,266,266,818,808]} 1. e4 e6 2. d4 d5 3. Nc3 dxe4 4. Nxe4 Nf6 5. Bd3 Nxe4 6. Bxe4 Nd7 7. Qe2 Nf6 {[#]} (7... c5 $11) 8. Bxb7 $1 $16 {White leaves nothing to chance now. C10: French with 3 Nc3: Unusual Black 3rd moves and 3...dxe4.} Rb8 (8... Bxb7 9. Qb5+) 9. Bxc8 Qxc8 10. Nf3 {White is better.} c5 11. O-O Be7 12. b3 O-O 13. Ba3 Qc7 {[#]} 14. c4 $146 ({Predecessor:} 14. dxc5 Bxc5 15. Bb2 Nd5 16. Rad1 Rbd8 17. Qe4 Be7 18. c4 Nf6 19. Qe5 Qb6 20. Bd4 {1-0 (34) Escobar Forero,A (2407)-Fernandez Lago,D (2036) Seville 2005}) 14... Rfd8 15. Rfd1 a5 16. dxc5 Bxc5 17. Bxc5 Qxc5 18. Qe5 Qa3 19. Nd4 a4 (19... Ra8 $16 20. Nc6 Rxd1+ 21. Rxd1 Qxa2) 20. Nc2 $18 Qe7 21. b4 ({Not} 21. bxa4 Rdc8 $16) 21... a3 22. c5 Nd5 $2 {[#]} (22... Rdc8 23. Rd3 Ng4) 23. Rxd5 $1 {[%mdl 576] Pin.  Weighted Error Value: White=0.03/Black=0.27} 1-0

[Event "9th Bangabandhu Rapid Men 2021"]
[Site "Dhaka"]
[Date "2021.04.03"]
[Round "8.1"]
[White "Islam, Khandaker Aminul"]
[Black "Rahman, Ziaur"]
[Result "0-1"]
[WhiteElo "2174"]
[BlackElo "2419"]
[Annotator "TA"]
[PlyCount "92"]
[EventDate "2021.04.02"]
[EventType "swiss"]
[EventCountry "BAN"]
[SourceTitle "playchess.com"]
[Source "ChessBase"]
[SourceQuality "1"]

{[%evp 10,92,0,-10,7,-6,0,0,0,-10,-7,-5,0,-1,0,0,0,0,0,0,0,-6,0,-17,-2,-24,-22,-16,0,0,0,0,0,0,0,0,0,0,0,-13,0,-8,0,0,4,0,0,0,0,0,0,-67,0,0,0,0,0,-5,0,-69,0,0,0,0,0,0,0,0,0,-18,0,-3,0,-23,-25,-14,0,-18,-14,-20,0,0,0,-255,-255]} 1. d4 e6 2. Nf3 d5 3. Bf4 Bd6 4. Bg3 Nf6 5. Nbd2 O-O 6. e3 c5 {D02: 1 d4 d5 2 Nf3 sidelines, including 2...Nf6 3 g3 and 2...Nf6 3 Bf4.} 7. c3 Qc7 8. dxc5 {seems to push 8.Bd3 aside.} Qxc5 {The position is equal.} 9. Bd3 Nbd7 10. e4 Bxg3 11. hxg3 {Threatening e5.} dxe4 12. Nxe4 Nxe4 13. Bxe4 Nf6 14. Bc2 {[#]} e5 $146 ({Predecessor:} 14... h6 15. Qd4 Qxd4 16. Nxd4 Bd7 17. f3 Rfd8 18. Kf2 h5 19. Rhd1 Kf8 20. Rd2 Ke7 21. Rad1 Rac8 22. Ne2 Bc6 23. Rd4 Rd7 24. Rxd7+ {½-½ (24) Zhou,J (2608)-Arun Prasad,S (2501) Dulles 2019}) 15. Nd2 {[#] Strongly threatening Bxh7+!} h6 16. Qe2 Be6 17. Bb3 Bf5 18. O-O Rad8 {[#] ...Bd3 is the strong threat.} 19. Rfe1 e4 20. Nf1 Ng4 21. Rad1 Ne5 22. Rxd8 Rxd8 23. Qe3 Qa5 24. Re2 Bg6 25. Rd2 Nd3 26. g4 b6 27. Qg3 Qc5 28. Qe3 Qc8 29. g5 h5 30. Qg3 (30. Ng3 $11) 30... Nc5 (30... Re8 $15) 31. Bd5 $11 Re8 32. Ne3 Nd3 33. Qd6 {aiming for Qxg6.} Kh7 34. Qh2 (34. Bb3 $11) 34... Qd8 ({Better is} 34... Qc5 $15) 35. Bc6 Re6 36. Bd5 Re8 37. Bc6 Re6 38. Bd5 Rd6 39. c4 Kg8 40. a3 Rd7 41. Qh4 Qe7 42. Qg3 Rd8 43. Kf1 a5 44. Kg1 a4 45. Bc6 Qc5 46. Bxa4 {[%mdl 8192]} (46. Bb5 $1 $11) 46... Qa5 $1 {[%csl LRa4,LRd2] Weighted Error Value: White=0.21/Black=0.09} 0-1

[Event "9th Bangabandhu Rapid Men 2021"]
[Site "Dhaka"]
[Date "2021.04.03"]
[Round "8.2"]
[White "Reefat, Bin-Sattar"]
[Black "Mohammad Fahad, Rahman"]
[Result "1-0"]
[WhiteElo "2409"]
[BlackElo "2307"]
[Annotator "TA"]
[PlyCount "273"]
[EventDate "2021.04.02"]
[EventType "swiss"]
[EventCountry "BAN"]
[SourceTitle "playchess.com"]
[Source "ChessBase"]
[SourceQuality "1"]

{[%evp 9,273,-6,-6,-6,-8,-12,18,12,33,33,24,26,28,6,13,-6,42,18,26,28,50,54,47,40,60,60,58,49,56,53,58,37,31,33,34,35,31,27,21,16,19,25,33,0,8,0,67,67,66,66,127,114,107,122,108,60,41,1,0,0,8,0,0,0,0,0,0,0,0,0,0,0,0,0,0,0,0,-17,-17,-74,-42,-37,-15,-28,-20,-18,-8,-14,0,0,0,0,0,0,17,18,250,250,250,230,240,189,233,-105,85,8,8,8,8,0,0,-8,-10,-502,-494,-4133,10,6,6,0,0,0,0,8,3,8,14,0,0,0,0,0,0,0,0,0,0,0,0,0,20,0,0,0,0,0,0,0,0,0,8,0,0,0,0,0,0,0,0,0,0,0,0,0,8,0,0,0,0,0,0,0,8,0,0,0,0,0,0,0,0,0,0,0,0,0,0,0,0,0,0,0,0,0,0,0,0,0,8,8,8,8,8,8,8,0,0,0,0,0,0,0,8,8,8,8,8,8,8,8,8,8,8,8,8,0,8,8,8,8,8,8,8,8,8,8,8,0,8,8,8,0,0,0,0,0,0,0,0,0,0,0,8,0,0,0,0,0,0,0,0,0,0,0,29992,29993]} 1. e4 c5 2. b3 Nc6 3. Bb2 d6 4. Bb5 Bd7 5. f4 a6 6. Bxc6 {B20: Sicilian: Unusual White 2nd moves.} Bxc6 7. d3 d5 8. Qe2 {The position is equal.} dxe4 9. dxe4 Nf6 10. Nd2 Qa5 11. c3 {[#]} g6 $146 ({Predecessor:} 11... Qc7 12. e5 Nd5 13. Nh3 Bd7 14. O-O Bxh3 15. gxh3 e6 16. Ne4 c4 17. Rae1 cxb3 {0-1 (30) Sanchez Ibern,M (2314)-Andreev,S (2254) Benidorm 2010}) 12. Ngf3 Bg7 13. O-O O-O 14. Ne5 Qc7 15. Nxc6 Qxc6 16. e5 Nd5 17. c4 Nc7 18. Qe4 Qxe4 19. Nxe4 b6 20. g4 Rfd8 21. Rad1 Ne6 22. f5 Nd4 23. f6 exf6 24. exf6 Bh6 25. Kf2 Bf4 26. h4 Re8 27. Rfe1 Rad8 (27... Be5 $1 $11) 28. Nc3 $14 Rxe1 29. Rxe1 Nc2 ({Black should play} 29... Ne6 $14) 30. Re2 Nb4 31. Kf3 g5 32. hxg5 Bxg5 33. Ne4 (33. Na4 {feels hotter.} Nxa2 34. Nxb6 Rd3+ 35. Ke4 Rxb3 36. Nd7) 33... Rd3+ 34. Kg2 h6 35. Nxg5 hxg5 $11 {[%mdl 4096] Endgame KRB-KRN} 36. Bc1 Kh7 37. Bxg5 Kg6 38. Bh4 Rd4 39. Kf3 Rd3+ 40. Kf2 Rd4 41. Kg3 Rd3+ 42. Kh2 Rd4 43. Rg2 Nd3 44. Rg3 (44. Rd2 $11 {keeps the balance.}) 44... Ne5 45. Kh3 Re4 46. Rg2 Re3+ 47. Bg3 Kxf6 48. Rd2 Ke7 49. Rd5 Nd3 50. Kh4 Nb4 51. Rd2 f6 52. Bc7 Re6 $2 (52... Kf7 $11 {and Black stays safe.}) 53. a3 $18 Nc6 54. Bxb6 Kf7 55. Bxc5 Re4 56. Kh5 $2 (56. Rd6 $18 Ne5 57. Rxa6) 56... Ne5 (56... Re5+ $17 {keeps the pressure on.} 57. Kh4 Rxc5 58. Rd7+ Ke6) 57. Rg2 (57. g5 $16 {Threatens to win with Rd6.} Re1 58. Rh2) 57... Re1 $11 {( -> ...Rh1+)} 58. Kh4 {Black should prevent Rg3.} Rb1 59. Bd6 Nf3+ 60. Kg3 Rxb3 {Strongly threatening ...Ne1+.} 61. Kf4 $2 {[%mdl 8192] [#]} (61. Kh3 $11) 61... Ng5 $1 $19 {[%csl Gg5][%cal Rb3f3]} 62. Rg3 (62. Kf5 $142 Rf3+ 63. Bf4) 62... Rb1 $2 (62... Rxg3 $19 63. Kxg3 Ne4+ {[%mdl 64] Double Attack} 64. Kf4 Nxd6) 63. c5 Rc1 64. Rb3 Ne6+ 65. Ke3 {With the idea Kd2.} Nxc5 66. Rb6 Ne6 67. Rxa6 Rc4 68. a4 Rxg4 69. Ra7+ Kg6 70. a5 (70. Ra8 {feels hotter.} Kf5 71. Ra6 Re4+ 72. Kd3 Rd4+ 73. Kc3) 70... f5 71. a6 Re4+ 72. Kf2 Ra4 73. Ra8 f4 74. a7 {aiming for Rg8+.} Ra2+ 75. Kf1 {Black must now prevent Rg8+.} (75. Kf3 {feels hotter.} Kf5 76. Bxf4 Nxf4 77. Rf8+ Ke5 78. a8=R) 75... Kf5 76. Bb4 Ke4 77. Re8 Rxa7 78. Rxe6+ $11 {KRB-KR} Kf3 79. Re2 Ra1+ 80. Be1 Rb1 81. Ra2 (81. Rd2 {with more complications.} Rc1 82. Rd3+ Ke4 83. Rd8 f3 84. Rf8) 81... Ke3 82. Ra3+ Ke4 83. Rc3 f3 84. Rc8 Kf4 85. Rd8 Ra1 86. Kf2 Ra2+ 87. Bd2+ Ke4 88. Kg3 Rb2 (88... f2 {looks sharper.} 89. Kxf2 Kf5 90. Rd3 Kg6 91. Ke1 Ra1+) 89. Re8+ (89. Bc3 $5 {[%cal Rd8d4]} Rg2+ 90. Kh3 $11) 89... Kf5 90. Be3 (90. Rf8+ {looks sharper.} Kg6 91. Bc3 Re2 92. Rxf3 Rc2 93. Bb4) 90... Rb1 (90... f2 {is interesting.} 91. Bxf2 Ra2 92. Rb8 Kg6 93. Rg8+ Kf7) 91. Kxf3 (91. Bf2 {keeps more tension.} Rb2 92. Rf8+ Ke4 93. Rf4+ Kd5 94. Rf5+) 91... Rb3 92. Ke2 (92. Kg3 {looks sharper.} Ra3 93. Kf2 Ra2+ 94. Ke1 Kg4 95. Bc5) 92... Rb2+ 93. Bd2 Rb5 (93... Rb1 {with more complications.} 94. Kf2 Kg6 95. Rf8 Ra1 96. Bc3 Ra2+) 94. Bc3 Rb1 95. Ke3 (95. Be1 {is more complex.} Kg6 96. Re3 Rb2+ 97. Kf3 Rb1 98. Kg2) 95... Rh1 96. Re5+ (96. Kd2 {with more complications.} Rh2+ 97. Ke1 Rh1+ 98. Kf2 Rh2+ 99. Kg3) 96... Kg6 97. Kd3 Rh3+ 98. Kc4 Rh1 99. Bd4 Rc1+ 100. Kd5 Rd1 101. Re2 Kf5 102. Rf2+ (102. Kc4 {seems wilder.} Rc1+ 103. Bc3 Kg4 104. Rg2+ Kh3 105. Rg7) 102... Kg4 103. Ke4 Kg5 (103... Re1+ {is interesting.} 104. Kd5 Kh3 105. Kc5 Rd1 106. Kc4 Re1) 104. Rg2+ Kh5 105. Be3 Ra1 (105... Rb1 {feels hotter.} 106. Rg5+ Kh4 107. Rg1 Rb5 108. Rg6 Kh5) 106. Rg5+ Kh4 107. Rg7 Kh5 108. Rg5+ (108. Bg1 {with more complications.} Ra4+ 109. Ke5 Ra3 110. Ke4 Ra4+) 108... Kh4 109. Rg8 Kh5 110. Bf4 (110. Bg1 {is more complex.} Ra4+ 111. Bd4 Ra3 112. Rh8+ Kg6 113. Rg8+) 110... Ra4+ (110... Ra5 {keeps more tension.} 111. Rh8+ Kg4 112. Be3 Ra1 113. Rh7 Ra4+) 111. Kf5 {[%cal Rg8h8]} Ra5+ 112. Be5 {[%cal Rg8h8]} Ra6 113. Rg1 {[%cal Rg1h1]} Ra4 114. Rh1+ Rh4 115. Ra1 Rb4 116. Ra8 {[%cal Ra8h8]} Rb6 117. Rg8 Ra6 118. Rg5+ Kh4 119. Rg2 {[%cal Rg2h2]} Ra3 120. Rc2 Rb3 121. Rh2+ Rh3 122. Bf6+ Kg3 123. Be5+ Kh4 $1 124. Ra2 {Threatening mate with Ra4+.} Rb3 125. Bd6 (125. Rd2 {with more complications.} Ra3 126. Bc7 Rf3+ 127. Bf4 Rb3 128. Rh2+) 125... Rb5+ 126. Kf4 {[%cal Ra2h2]} Kh5 127. Rg2 Ra5 128. Rb2 (128. Bb4 {is interesting.} Ra1 129. Rh2+ Kg6 130. Kg4 Rg1+ 131. Kh4) 128... Kg6 129. Rb6 Rf5+ 130. Ke4 (130. Ke3 {is more complex.} Kg5 131. Ke4 Kg4 132. Kd4 Ra5 133. Bb4) 130... Rf6 (130... Rf1 {looks sharper.} 131. Bc7+ Kg5 132. Kd3 Kg4 133. Kc2 Rf2+) 131. Kd5 Rf1 132. Be5+ Kg5 133. Rb3 Rd1+ 134. Ke6 Rc1 135. Rg3+ Kh4 136. Kf5 {White threatens Rf3 and mate.} Rc5 $2 {[%mdl 8192] [#]} (136... Rf1+ $11 137. Bf4 Rd1 138. Ra3 Rf1 139. Rg3 Rb1 140. Ra3 Rb5+ 141. Be5) 137. Rg2 {[%cal Rg2h2] What a fight!  Weighted Error Value: White=0.22/Black=0.21} 1-0

[Event "9th Bangabandhu Rapid Men 2021"]
[Site "Dhaka"]
[Date "2021.04.03"]
[Round "8.3"]
[White "Mollah Abdullah, Al Rakib"]
[Black "Hossain, Enamul"]
[Result "1/2-1/2"]
[WhiteElo "2463"]
[BlackElo "2426"]
[Annotator "ChessBase"]
[PlyCount "85"]
[EventDate "2021.04.02"]
[EventType "swiss"]
[EventCountry "BAN"]
[SourceTitle "playchess.com"]
[Source "ChessBase"]
[SourceQuality "1"]
[TimeControl "1500+10"]

1. d4 {[%emt 0:00:00]} d5 {[%emt 0:25:10]} 2. c4 {[%emt 0:00:00]} e6 {[%emt 0:00:00]} 3. Nf3 {[%emt 0:25:30]} c5 {[%emt 0:00:20]} 4. Bg5 {[%emt 0:00:00]} Be7 {[%emt 0:00:00]} 5. Bxe7 {[%emt 0:00:00]} Nxe7 {[%emt 0:00:20]} 6. dxc5 {[%emt 0:00:00]} Qa5+ {[%emt 0:00:00]} 7. Nc3 {[%emt 0:00:00]} dxc4 {[%emt 0:00:20]} 8. Qd4 {[%emt 0:00:50]} O-O {[%emt 0:00:10]} 9. Qxc4 {[%emt 0:00:00]} Na6 {[%emt 0:00:00]} 10. e3 {[%emt 0:00:20]} Qxc5 {[%emt 0:00:20]} 11. Qxc5 {[%emt 0:00:00]} Nxc5 {[%emt 0:00:00]} 12. O-O-O {[%emt 0:00:00]} a5 {[%emt 0:00:20]} 13. Bb5 {[%emt 0:00:30]} Rb8 {[%emt 0:00:10]} 14. Rd6 {[%emt 0:00:00]} Nf5 {[%emt 0:00:00]} 15. Rd2 {[%emt 0:00:00]} b6 {[%emt 0:00:00]} 16. e4 {[%emt 0:00:00]} Ne7 {[%emt 0:00:00]} 17. Ne5 {[%emt 0:00:00]} Bb7 {[%emt 0:00:00]} 18. f3 {[%emt 0:00:50]} Rfc8 {[%emt 0:00:50]} 19. Rhd1 {[%emt 0:00:00]} g5 {[%emt 0:00:10]} 20. Kb1 {[%emt 0:00:20]} Bc6 {[%emt 0:00:10]} 21. Rd6 {[%emt 0:00:10]} Bxb5 {[%emt 0:00:00]} 22. Nxb5 {[%emt 0:00:10]} Ng6 {[%emt 0:00:20]} 23. Nxg6 {[%emt 0:00:00]} hxg6 {[%emt 0:00:10]} 24. e5 {[%emt 0:00:20]} Kg7 {[%emt 0:00:00]} 25. b3 {[%emt 0:00:10]} Rh8 {[%emt 0:00:00]} 26. h3 {[%emt 0:00:10]} Rh5 {[%emt 0:00:00]} 27. Na7 {[%emt 0:00:00]} Rb7 {[%emt 0:00:00]} 28. Nc6 {[%emt 0:00:00]} Rc7 {[%emt 0:00:00]} 29. Kb2 {[%emt 0:00:30]} Rh8 {[%emt 0:00:00]} 30. Nd4 {[%emt 0:00:10]} Rb7 {[%emt 0:01:10]} 31. Nb5 {[%emt 0:00:00]} Rh5 {[%emt 0:00:00]} 32. Rd8 {[%emt 0:00:00]} Rh8 {[%emt 0:00:00]} 33. Rxh8 {[%emt 0:00:00]} Kxh8 {[%emt 0:00:00]} 34. Rd8+ {[%emt 0:00:00]} Kg7 {[%emt 0:00:00]} 35. Nd6 {[%emt 0:00:00]} Rd7 {[%emt 0:00:50]} 36. Rxd7 {[%emt 0:00:00]} Nxd7 {[%emt 0:00:00]} 37. Nc4 {[%emt 0:00:00]} b5 {[%emt 0:00:00]} 38. Nxa5 {[%emt 0:00:00]} Nxe5 {[%emt 0:00:00]} 39. Kc3 {[%emt 0:00:00]} f5 {[%emt 0:00:00]} 40. Kd4 {[%emt 0:00:00]} Kf6 {[%emt 0:00:00]} 41. a4 {[%emt 0:01:50]} bxa4 {[%emt 0:00:00]} 42. bxa4 {[%emt 0:00:00]} g4 {[%emt 0:00:00]} 43. h4 {[%emt 0:00:00]} 1/2-1/2

[Event "9th Bangabandhu Rapid Men 2021"]
[Site "Dhaka"]
[Date "2021.04.03"]
[Round "8.4"]
[White "Jabed Al Azad"]
[Black "Mohammad Minhaz Uddin"]
[Result "0-1"]
[WhiteElo "2002"]
[BlackElo "2295"]
[Annotator "ChessBase"]
[PlyCount "97"]
[EventDate "2021.04.02"]
[EventType "swiss"]
[EventCountry "BAN"]
[SourceTitle "playchess.com"]
[Source "ChessBase"]
[SourceQuality "1"]
[TimeControl "1500+10"]

1. e4 {[%emt 0:01:10]} e5 {[%emt 0:00:00]} 2. Nf3 {[%emt 0:00:02]} Nf6 {[%emt 0:00:00]} 3. Nxe5 {[%emt 0:00:02]} d6 {[%emt 0:00:00]} 4. Nf3 {[%emt 0:00:00]} Nxe4 {[%emt 0:00:01]} 5. d4 {[%emt 0:00:02]} d5 {[%emt 0:00:01]} 6. Bd3 {[%emt 0:00:00]} Nc6 {[%emt 0:00:03]} 7. O-O {[%emt 0:00:14]} Bg4 {[%emt 0:00:02]} 8. Re1 {[%emt 0:00:08]} Be7 {[%emt 0:00:03]} 9. c3 {[%emt 0:01:14]} f5 {[%emt 0:00:02]} 10. Nbd2 {[%emt 0:00:12]} O-O {[%emt 0:00:03]} 11. h3 {[%emt 0:00:07]} Bh5 {[%emt 0:00:02]} 12. Be2 {[%emt 0:00:05]} Kh8 {[%emt 0:00:58]} 13. Nf1 {[%emt 0:00:58]} Bd6 {[%emt 0:00:29]} 14. Ne3 {[%emt 0:00:46]} Bxf3 {[%emt 0:01:02]} 15. Bxf3 {[%emt 0:00:10]} Qh4 {[%emt 0:00:13]} 16. Rf1 {[%emt 0:00:32]} Ne7 {[%emt 0:00:29]} 17. Bxe4 {[%emt 0:00:11]} dxe4 {[%emt 0:00:17]} 18. Nc4 {[%emt 0:00:11]} Rf6 {[%emt 0:02:13]} 19. f3 {[%emt 0:00:35]} Rg6 {[%emt 0:00:25]} 20. Nxd6 {[%emt 0:01:07]} cxd6 {[%emt 0:00:18]} 21. fxe4 {[%emt 0:00:33]} fxe4 {[%emt 0:00:24]} 22. Kh1 {[%emt 0:02:00]} Rf6 {[%emt 0:01:07]} 23. Be3 {[%emt 0:01:01]} Raf8 {[%emt 0:00:03]} 24. Rxf6 {[%emt 0:00:19]} Rxf6 {[%emt 0:00:44]} 25. c4 {[%emt 0:02:42]} Nf5 {[%emt 0:00:22]} 26. Qd2 {[%emt 0:03:16]} Re6 {[%emt 0:01:29]} 27. d5 {[%emt 0:00:35]} Re8 {[%emt 0:00:15]} 28. Kg1 {[%emt 0:00:21]} Qg3 {[%emt 0:01:18]} 29. Re1 {[%emt 0:00:16]} Nh4 {[%emt 0:00:30]} 30. Qf2 {[%emt 0:03:35]} Nf3+ {[%emt 0:00:09]} 31. Kf1 {[%emt 0:00:02]} Qxf2+ {[%emt 0:00:09]} 32. Kxf2 {[%emt 0:00:02]} Nxe1 {[%emt 0:00:03]} 33. Kxe1 {[%emt 0:00:02]} a6 {[%emt 0:00:48]} 34. Bf4 {[%emt 0:00:03]} Rc8 {[%emt 0:00:21]} 35. b3 {[%emt 0:00:08]} b5 {[%emt 0:00:01]} 36. Bxd6 {[%emt 0:00:48]} bxc4 {[%emt 0:00:01]} 37. bxc4 {[%emt 0:00:01]} Rxc4 {[%emt 0:00:03]} 38. Be7 {[%emt 0:01:16]} Rd4 {[%emt 0:00:03]} 39. d6 {[%emt 0:00:04]} Kg8 {[%emt 0:00:08]} 40. Ke2 {[%emt 0:00:11]} Rd3 {[%emt 0:00:01]} 41. a4 {[%emt 0:00:24]} Kf7 {[%emt 0:00:02]} 42. a5 {[%emt 0:00:11]} Ke6 {[%emt 0:00:02]} 43. Bf8 {[%emt 0:00:36]} g6 {[%emt 0:00:02]} 44. h4 {[%emt 0:00:21]} Kd7 {[%emt 0:00:19]} 45. g4 {[%emt 0:00:28]} Ra3 {[%emt 0:00:13]} 46. h5 {[%emt 0:00:01]} gxh5 {[%emt 0:00:05]} 47. gxh5 {[%emt 0:00:02]} Rxa5 {[%emt 0:00:03]} 48. Ke3 {[%emt 0:00:11]} Rxh5 {[%emt 0:00:07]} 49. Kd4 {[%emt 0:05:55]} 0-1

[Event "9th Bangabandhu Rapid Men 2021"]
[Site "Dhaka"]
[Date "2021.04.03"]
[Round "8.5"]
[White "Ahmed, Sheikh Nasir"]
[Black "Subrota, Biswas"]
[Result "0-1"]
[WhiteElo "2193"]
[BlackElo "2262"]
[Annotator "RC"]
[PlyCount "38"]
[EventDate "2021.04.02"]
[EventType "swiss"]
[EventCountry "BAN"]
[SourceTitle "playchess.com"]
[Source "ChessBase"]
[SourceQuality "1"]
[TimeControl "1500+10"]

1. d4 {[%emt 0:00:00]} d5 {[%emt 0:00:49]} 2. c4 {[%emt 0:00:24]} c6 {[%emt 0:00:02]} 3. Nf3 {[%emt 0:00:15]} Nf6 {[%emt 0:00:03]} 4. cxd5 {[%emt 0:00:26]} cxd5 {[%emt 0:00:02]} 5. Nc3 {[%emt 0:00:10]} Nc6 {[%emt 0:00:11]} 6. g3 {[%emt 0:00:34]} Bf5 {[%emt 0:00:21]} 7. Qb3 {[%emt 0:00:27]} Qd7 {[%emt 0:00:30]} 8. Bg2 {[%emt 0:00:48]} e6 {[%emt 0:00:18]} 9. O-O {[%emt 0:00:06]} Bd6 {[%emt 0:00:09]} 10. Bf4 {[%emt 0:00:26]} O-O {[%emt 0:00:50]} 11. Ne5 {[%emt 0:01:15]} Bxe5 {[%emt 0:01:17]} 12. dxe5 {[%emt 0:00:15]} Ng4 {[%emt 0:00:04]} 13. e4 {[%emt 0:00:24]} dxe4 {[%emt 0:00:05]} 14. Nxe4 {[%emt 0:00:14]} Bxe4 {[%emt 0:02:05]} 15. Bxe4 {[%emt 0:00:04]} Ngxe5 {[%emt 0:20:44]} 16. Bxe5 {[%emt 0:01:29]} Nxe5 {[%emt 0:00:00]} 17. Qxb7 {[%emt 0:00:02]} Qxb7 {[%emt 0:00:00]} 18. Bxb7 {[%emt 0:00:03]} Rab8 {[%emt 0:00:00]} 19. Bg2 {[%emt 0:00:03]} Rxb2 {[%emt 0:00:00]} 0-1